[Event "EU-chT (Men) 15th"]
[Site "Gothenburg"]
[Date "2005.07.30"]
[Round "1.3"]
[White "Graf, Alexander"]
[Black "Karttunen, Mika"]
[Result "1-0"]
[WhiteElo "2605"]
[BlackElo "2409"]
[Annotator "Huebner,R"]
[PlyCount "81"]
[EventDate "2005.07.30"]
[EventType "team-swiss"]
[EventRounds "9"]
[EventCountry "SWE"]
[SourceTitle "CBM 109"]
[Source "ChessBase"]
[SourceDate "2005.11.14"]
[SourceVersion "1"]
[SourceVersionDate "2005.11.14"]
[SourceQuality "1"]
[WhiteTeam "Germany"]
[BlackTeam "Finland"]
[WhiteTeamCountry "GER"]
[BlackTeamCountry "FIN"]

1. d4 d5 2. c4 c6 3. Nf3 Nf6 4. Nc3 a6 5. g3 dxc4 6. a4 Nd5 {Dies ist, soweit
ich sehe, ein neuer Zug. Er ist vielleicht spielbar, aber ich würde einen
Entwicklungszug vorziehen. Üblich ist 6...e6, aber mit 6...g6 wurden recht
gute Ergebnisse erzielt. Es folgt einiges Material mit diesem Zug.} (6... g6 7.
Bg2 (7. Ne5 $5 Bg7 (7... c5 8. dxc5 Qxd1+ 9. Nxd1 $14) 8. Nxc4 Be6 $11) 7...
Bg7 8. O-O (8. a5 O-O 9. O-O (9. Qa4 $6 {Kortschnoj} c5 (9... Be6 $5) 10. dxc5
Nc6 $11) 9... Nd5 10. Ne4 (10. e4 Nxc3 (10... Nb4 11. Qa4 (11. Ra4 Nd3 12. Rxc4
Nxc1 13. Qxc1 Qxa5 $17) 11... Nd3 12. Qxc4 Nxc1 13. Rfxc1 $14) 11. bxc3 c5 12.
Be3 $13) (10. Qa4 b5 (10... Nxc3 {Kortschnoj} 11. bxc3 c5 $11) 11. axb6 Nxb6
12. Qc2) 10... Bf5 11. Nfd2 (11. Nc5 Nd7 12. Nxb7 Qb8 13. Nc5 Nxc5 14. dxc5
Bxb2 {ist unerfreulich für Weiß.}) (11. Ned2 c3 {ist ebenfalls ungünstig.})
11... Bxe4 (11... Bxd4 {ist nicht ohne weiteres von der Hand zu weisen, aber
auch der Textzug ist nicht schlecht.} 12. Nxc4) 12. Nxe4 Nd7 13. f4 (13. Nc3 {
versuchen.}) (13. Qc2 $5 {Kortschnoj} Bxd4 14. Qxc4 $44) 13... Rc8 (13... e6 $5
{kam in Betracht:} 14. Nd6 c3 {usw.}) 14. Nc3 (14. Ra4 $5 {Kortschnoj}) 14...
Nb4 15. Ra4 (15. Kh1 $1 {Kortschnoj}) 15... b5 16. axb6 (16. Rxb4 Qxa5 $19)
16... Qxb6 $15 {0-1 Kortschnoj,V-Sokolov,I/Groningen 1996/CBM 057/[Huebner,R] 
(35). (35)}) (8. Ne5 Ng4 $15) 8... O-O 9. e3 (9. a5 $5) 9... a5 10. Ne5 Na6 11.
Nxc4 Nb4 12. Qe2 (12. b3 $5) 12... Bg4 (12... b6 $5) 13. f3 Be6 14. Rd1 ({
Weiß sollte mit} 14. b3 {, und falls} c5 {, so} 15. Nb5 {, Ausgleich anstreben.
}) 14... c5 $15 {0-1 Timman,J-Sokolov,I/Amsterdam 1996/CBM 056/[Huebner,R] (33)
. (33)}) (6... e6 {weiter.}) 7. a5 $6 (7. e4 Nxc3 8. bxc3 b5 9. Bg2 {gefällt
mir besser.}) 7... Bf5 8. Bg2 Nb4 9. O-O Bc2 $6 {Dies ist in dieser Stellung
ein wenig gekünstelt.} ({Eine solide Fortsetzung besteht in} 9... e6 10. e4 Bg4
11. Be3 Nd7 {mit gutem Spiel für Schwarz.}) 10. Qd2 Bb3 11. Qf4 Nd7 12. Nd2 e6
13. Nxb3 cxb3 14. Ne4 Nf6 $6 {Es scheint mir nicht gut zu sein, dem Springer
des Weißen Zugang nach c5 zu gestatten.} (14... Be7 15. Qg4 (15. Nd6+ Bxd6 16.
Qxd6 Nc2 17. Ra4 Qb8) 15... O-O 16. Bh6 Bf6 {führt zu einer etwa
ausgeglichenen Stellung.}) 15. Nc5 Nbd5 {Nicht besser ist} (15... Nc2 16. Ra4
Bxc5 17. dxc5 Qe7 18. Qc4 e5 19. e3 (19. Qxb3 Nd4 {gibt dem Schwarzen eine
befriedigende Stellung.}) 19... Qe6 20. Qxe6+ fxe6 21. Bd2 Rd8 22. Bc3 Nd7 23.
Rc4 {Weiß hat großen Vorteil: er setzt mit Tf1-c1 nebst Lg2-e4 fort.
wahrscheinlich kann sich Schwarz nicht halten.}) 16. Qf3 Bxc5 17. dxc5 Nd7 18.
e4 Nc7 19. Qxb3 Nb5 20. Qc2 $6 (20. Be3 $14) 20... Qe7 $6 ({Die Fortsetzung} 
20... Nd4 21. Qc4 Ne5 22. Qa4 Qf6 {hätte dem Schwarzen eine kräftige
Initiative in die Hand gegeben.}) 21. b4 O-O-O 22. Bb2 f6 23. Rad1 Rhe8 $6 {
Dies ist ziemlich sinnlos. Nach} (23... h5 {dürfte Schwarz vollkommen
befriedigend stehen.}) 24. e5 f5 $2 {Das bedeutet die strategische
Kapitulation. Nach} (24... Nxe5 25. Bxe5 fxe5 26. Qxh7 Rd4 {ist die Lage
keineswegs klar.}) 25. Rd6 $18 Nb8 26. Rfd1 Qf7 27. Bf1 Nxd6 28. cxd6 Kd7 29.
Qc5 Rg8 30. Qa7 Ke8 31. Bd4 Qd7 32. Bb6 Rc8 33. Bc7 Rxc7 34. dxc7 Qxc7 35. Bc4
Kf7 36. Rd6 Re8 37. Qd4 Re7 38. Qh4 Kg8 39. Bxe6+ Kh8 40. Bxf5 h6 41. Bd3 1-0

[Event "Selfoss Milk Masters 2nd"]
[Site "Selfoss"]
[Date "2003.10.31"]
[Round "3"]
[White "Malakhov, Vladimir"]
[Black "Stefansson, Hannes"]
[Result "1-0"]
[WhiteElo "2696"]
[BlackElo "2567"]
[Annotator "Huebner,R"]
[PlyCount "61"]
[EventDate "2003.10.29"]
[EventType "tourn"]
[EventRounds "9"]
[EventCountry "ISL"]
[EventCategory "15"]
[SourceTitle "CBM 098"]
[Source "ChessBase"]
[SourceDate "2004.02.03"]
[SourceVersion "1"]
[SourceVersionDate "2004.02.03"]
[SourceQuality "1"]

1. Nf3 {Ftacnik} d5 2. c4 c6 3. d4 Nf6 4. Nc3 a6 5. c5 Nbd7 6. Bf4 Nh5 7. e3 g6
8. Bd3 Nxf4 9. exf4 b6 {Ftacnik: 'In this line black is enjoying the bishop's
pair early in the game, white on his part an ambitious pawn buildup on the
dark squares. Stefansson is fighting for it's demise at the first suitable
moment.'} 10. cxb6 Qxb6 11. Qd2 Bg7 (11... Rb8 {Ftacnik} 12. b3 Bg7 13. Rc1
Bxd4 14. Na4 Qb4 15. Nxd4 Qxd4 16. Rxc6 Bb7 $13) 12. Na4 Qa7 (12... Qb7 {
Ftacnik} 13. Rc1 Rb8 14. b3 $13) 13. Bc2 O-O 14. Qe3 c5 {'?!' Ftacnik. Ftacnik:
'Black is a bit too brutal in opening the diagonals for his bishops. More
timid approach would have been quite sufficient for the equality. '} (14... Re8
{Ftacnik} 15. O-O Rb8 16. Rac1 Qc7 17. Rfe1 $11) 15. dxc5 Bb7 16. O-O d4 17.
Qxe7 {Mehr Gewinnaussichten bietet wohl} (17. Nxd4 {'!?' Ftacnik.} Nxc5 18. Nc3
$14 Rfd8 {Ftacnik} 19. Rfd1 $14) 17... Bxf3 18. gxf3 Rfe8 19. Qd6 (19. Qg5 {
Ftacnik} Bf6 20. Qd5 Rac8 21. b4 Red8 22. Qc4 Qc7 $11) 19... Bf8 {'?!' Ftacnik.
Ftacnik: 'The defender had a chance to prove, that piece activity can
compensate for the minimal material disadvantage.'} (19... Rac8 {führt zum
Ausgleich. Auf} 20. b4 {kann} (20. c6 {Ftacnik} Nb8 21. Be4 Nxc6 $1) 20... Red8
{geschehen.} (20... Qb7 {Ftacnik} 21. Rfe1 Red8 22. Rab1 Nf6 $11)) 20. Qxd4
Nxc5 21. f5 Rad8 22. Qc4 Nxa4 23. Qxa4 Re2 $2 (23... Qb7 $5 {bietet gute
Remisaussichten:} 24. fxg6 hxg6 25. Be4 Qxb2 26. Qxa6 Qe5) (23... Qd4 {Ftacnik}
24. fxg6 hxg6 25. Qxa6 Qxb2 26. Bb3 $14) (23... Bd6 {Ftacnik} 24. fxg6 hxg6 $14
) 24. fxg6 hxg6 25. Bxg6 Rdd2 26. Qc4 Bd6 27. Rac1 Kf8 28. Qh4 $18 Qd7 29. Qf6
Kg8 30. Rc8+ Bf8 31. Bh7+ 1-0

[Event "RUS-chT 07th"]
[Site "Smolensk"]
[Date "2000.04.20"]
[Round "6"]
[White "Arkhipov, Sergey G"]
[Black "Volkov, Sergey"]
[Result "0-1"]
[WhiteElo "2527"]
[BlackElo "2582"]
[Annotator "Huebner,R"]
[PlyCount "67"]
[EventDate "2000.04.15"]
[EventType "team-tourn"]
[EventRounds "11"]
[EventCountry "RUS"]
[SourceTitle "CBM 077"]
[Source "ChessBase"]
[SourceDate "2000.07.27"]
[SourceVersion "1"]
[SourceVersionDate "2000.07.27"]
[SourceQuality "1"]
[WhiteTeam "Novokuznetsk"]
[BlackTeam "Sankt Petersburg Chess Federation"]
[WhiteTeamCountry "RUS"]
[BlackTeamCountry "RUS"]

1. d4 d5 2. c4 c6 3. Nc3 Nf6 4. Nf3 a6 5. c5 Nbd7 6. Bf4 Nh5 7. Bd2 Nhf6 8. Bf4
Nh5 9. Bd2 g6 10. e4 dxe4 11. Nxe4 Ndf6 12. Nxf6+ exf6 13. Bc4 Qe7+ 14. Be3 Bh6
15. Qb3 Bxe3 16. fxe3 O-O 17. O-O Bf5 18. Rfe1 Rad8 19. Nd2 Qd7 20. Be2 Ng7 21.
Qc3 Ne8 22. Bf3 Be6 23. Be2 f5 24. Bc4 Nf6 25. b4 Rfe8 26. a4 h5 27. Qb3 h4 28.
h3 Nh5 29. Bxe6 Rxe6 30. Nc4 Qd5 31. Na5 Ng3 32. Qxd5 Rxd5 33. Ra2 $2 (33. Nxb7
{war erheblich stärker.}) 33... Rxd4 (33... f4 $19) 34. Nxb7 $6 (34. exd4 Rxe1+
35. Kf2 Rb1 {genügt nicht zur Rettung der Partie.}) 0-1

[Event "Bundesliga 0304"]
[Site "Germany"]
[Date "2004.03.07"]
[Round "10.3"]
[White "Huebner, Robert"]
[Black "Krivoshey, Sergei"]
[Result "1-0"]
[WhiteElo "2604"]
[BlackElo "2495"]
[Annotator "Huebner,R"]
[PlyCount "85"]
[EventDate "2003.11.01"]
[EventType "team-tourn"]
[EventRounds "15"]
[EventCountry "GER"]
[SourceTitle "CBM 100"]
[Source "ChessBase"]
[SourceDate "2004.06.01"]
[SourceVersion "1"]
[SourceVersionDate "2004.06.01"]
[SourceQuality "1"]
[WhiteTeam "Baden Oos"]
[BlackTeam "Hofheim"]
[WhiteTeamCountry "GER"]
[BlackTeamCountry "GER"]

1. d4 d5 2. c4 c6 3. Nc3 Nf6 4. Nf3 a6 5. c5 Nbd7 6. Bf4 Nh5 7. e3 g6 8. h4 Bg7
9. Bh2 O-O 10. Be2 Re8 11. g4 Nhf6 12. Rg1 b6 13. cxb6 Qxb6 14. Qc2 Bb7 15. Nd2
$6 {Dies ist ein Versuch, es besser zu machen als in der vorigen Partie, in
der Weiß den dummen Zug 15.Kf1?! wählte, aber überzeugend ist er nicht. Weiß
sollte zugeben, daß das Abspiel nichts taugt, und mit} (15. Ne5 {(droht 16.g5)}
Nxe5 16. Bxe5 c5 17. dxc5 Qxc5 18. Qa4 {Ausgleich anstreben.}) 15... e5 16. g5
Ne4 $6 (16... exd4 17. Na4 Qa7 18. gxf6 dxe3 19. fxe3 Bxf6 20. O-O-O {sieht
ungesund für Schwarz aus.}) (16... Nh5 {kommt jedoch sehr in Betracht:} 17.
dxe5 Nxe5 18. O-O-O c5 {mit starkem Angriff für Schwarz.}) 17. Ncxe4 dxe4 18.
dxe5 $2 {Danach bleiben die Damen auf dem Brett, so daß Schwarz Spiel gegen
den König des Weißen behält. Stärker ist} (18. Nc4 Qb4+ 19. Qc3 Qe7 20. dxe5
Nxe5 21. Nxe5 Bxe5 22. Bxe5 Qxe5 23. Qxe5 Rxe5 24. O-O-O {mit beachtlichem
Endspielvorteil für Weiß.}) 18... Nxe5 19. Nxe4 Qb4+ 20. Nd2 Qxh4 21. Bg3 Qb4
22. O-O-O Rad8 23. Ne4 c5 $5 ({Auch} 23... Rd5 {gibt dem Schwarzen eine sehr
befriedigende Stellung.}) 24. Nd6 Nf3 $1 (24... Rf8 25. f4 Nc6 (25... Nd7 26.
Be1 Qb6 27. Bc3 {führt zu großem positionellen Übergewicht für Weiß.}) 26. a3
Qb6 27. f5 {ist äußerst lästig für Schwarz.}) 25. Rgf1 $5 (25. Nxe8 Rxe8 26.
Bxf3 (26. a3 Qb6 27. Bxf3 Bxf3 28. Rd6 Qb5 {sieht ebenfalls sehr verdächtig
für Weiß aus.}) 26... Bxf3 27. Rd7 Bg4 {überläßt dem Schwarzen allzuviel Spiel.
}) (25. a3 Qb6 26. Nxe8 Nxg1 27. Nxg7 Nxe2+ 28. Qxe2 Kxg7 {ist nicht
gewinnträchtig.}) 25... Rf8 26. Qb3 (26. Nxb7 Qxb7 27. Bf4 Ne5 28. Rxd8 Rxd8
29. Rd1 {ist besser; Weiß behält einen kleinen Vorteil.}) 26... Ba8 $6 ({Nach} 
26... Qxb3 27. axb3 Bc6 {hat Schwarz keinerlei Probleme.}) 27. Qxb4 cxb4 28.
Bxa6 $2 {Weiß erkennt nicht, daß der g-Bauer lebenswichtig ist. Nach seinem
Fall gewinnt der h-Bauer des Schwarzen große Kraft.} (28. Bf4 a5 29. Bb5 {
gibt dem Weißen das klar bessere Spiel; Schwarz hat Mühe, vernünftige Züge zu
finden.}) 28... Nxg5 29. Bh4 Bf6 30. Bc4 $6 {Besser gefällt mir die Fortsetzung
} (30. f4 Ne4 31. Bxf6 Nxf6 32. Bc4 Kg7 33. Kc2 h5 34. Kb3 {mit unklarer Lage.}
) 30... Kg7 $6 (30... Bf3 31. Rd2 Ne4 32. Bxf6 Nxd2 33. Bxd8 Nxc4 34. Be7 Nxd6
35. Bxd6 Rc8+ 36. Kb1 Be4+ 37. Ka1 b3 38. axb3 h5 {könnte für Weiß recht
unangenehm werden.}) 31. Rg1 Ne4 32. Nf5+ Kh8 33. Bxf6+ Nxf6 34. Rxd8 {Weiß
versucht zu gewinnen.} (34. Nd6 {führt zum Remis.}) 34... Rxd8 35. Nh6 Rc8 36.
Nxf7+ Kg7 37. Ne5 Bd5 {Sicherer ist} (37... Nd7 38. Nxd7 Rxc4+ 39. Kd2 Be4 40.
Rc1 (40. Rg4 h5 (40... Rc2+ 41. Kd1 Rc4 $11) 41. Rh4 {genügt zum Remis.}) 40...
Rxc1 41. Kxc1 h5 42. Kd2 h4 43. Ne5 g5 (43... Kf6 44. Ng4+ Kg5 45. Nh2 {
hat Weiß eine Festung.}) 44. Ke2 h3 45. Ng4 Bf5 46. Nh2 {mit Remisstellung.})
38. b3 Ne4 39. f3 Nd6 40. Rg4 Kf6 $2 (40... Nxc4 41. bxc4 Kf6 42. Rd4 (42. Nd7+
Ke6 43. Nb6 Bxf3 {ist nicht erstrebenswert für Weiß.}) 42... Kxe5 43. Rxd5+ Ke6
44. Rd4 h5 {sollte zum Remis führen.}) 41. Nd7+ Ke6 42. Nb6 {Hier zog der
Führer der schwarzen Steine Ld5xf3. Er war daher gezwungen, im nächsten Zug
mit dem Läufer auf c4 zu schlagen.} Bxc4 $6 (42... Nxc4 43. Nxc8 Ne5 {bietet
dem Nachziehenden Rettungsaussichten, denn es sieht gefährlich aus, ihm zwei
verbundene Freibauern zu überlassen. Nach} 44. Rh4 h5 45. f4 (45. e4 Bb7 46. f4
Bxc8 47. fxe5 Kxe5 48. Kd2 Kd4 49. e5+ Kxe5 50. Rxb4 {mag auch zum Gewinn
genügen.}) 45... Nf3 46. f5+ Kxf5 47. Rxb4 {dürfte Schwarz jedoch zu spät
kommen.}) 43. Nxc8 1-0

[Event "Dortmund SuperGM 33rd"]
[Site "Dortmund"]
[Date "2005.07.08"]
[Round "1"]
[White "Nielsen, Peter Heine"]
[Black "Bacrot, Etienne"]
[Result "1-0"]
[WhiteElo "2668"]
[BlackElo "2729"]
[Annotator "Huebner,R"]
[PlyCount "71"]
[EventDate "2005.07.07"]
[EventType "tourn"]
[EventRounds "9"]
[EventCountry "GER"]
[EventCategory "19"]
[SourceTitle "CBM 108"]
[Source "ChessBase"]
[SourceDate "2005.09.26"]
[SourceVersion "1"]
[SourceVersionDate "2005.09.26"]
[SourceQuality "1"]

1. d4 d5 2. c4 c6 3. Nf3 Nf6 4. Nc3 a6 5. a4 e6 6. Bg5 a5 7. e3 Be7 8. Be2 Na6
9. O-O O-O 10. Qb3 Nb4 11. Rac1 b6 12. cxd5 Nfxd5 13. Bf4 {Ich kann mir nicht
vorstellen, daß diese Fortsetzung geeignet ist, Vorteil zu erzielen.
Allerdings bekam Weiß auch in der Vorgängerpartie nichts:} (13. Bxe7 Qxe7 14.
Ne5 Bb7 15. Nxd5 exd5 16. Nd3 Rfc8 17. Nxb4 axb4 {1/2-1/2 Stohl,I-Kindermann,S/
Germany 2004/CBM 100 (17).}) 13... Nxf4 14. exf4 Bd6 (14... Qd6 15. g3 Ba6 {
kommt auch in Betracht.}) 15. g3 Bb7 16. Bc4 ({Einfacher ist} 16. Rfd1 $11 {
Schwarz reagiert so scharf wie möglich.}) 16... c5 (16... Ba6 {ist natürlich
gut spielbar. Es ist außerordentlich schwierig, die richtige Beurteilung der
Stellung nach dem Textzug zu fällen, auch bei eingehender Analyse. Nach meinem
Eindruck hat Weiß nichts zu fürchten.}) 17. d5 {Andere Fortsetzungen
überlassen dem Schwarzen ohne weiteres das bessere Spiel:} (17. dxc5 Bxf4 18.
gxf4 Bxf3 19. Nb5 Bh5 {usw.}) 17... Bxf4 $6 (17... Be7 {ist gegen die beste
Verteidigung nicht erfolgreicher:} 18. Rfd1 b5 19. axb5 (19. dxe6 bxc4 20. Qxc4
Bxf3 21. Rxd8 Raxd8 {sieht nicht befriedigend für Weiß aus.}) (19. Bxb5 exd5
20. Ne5 Rc8 21. Rd2 Bd6 {führt zu bequemerem Spiel für Schwarz.}) (19. Nxb5 {
ist deutlich ungünstig:} exd5 20. Ne5 (20. Bf1 Qb6 21. Ne5 Rad8) 20... f6 (
20... dxc4 21. Rxd8 cxb3 22. Rd7 {gibt Schwarz keinen Vorteil.}) (20... Ra6 {
ist adgegen eine solide Möglichkeit, Vorteil zu wahren.}) 21. Rxd5 Nxd5 (21...
Bxd5 22. Nc6 $11) 22. Nc3 Kh8 23. Qxb7 Nxc3 24. Nc6 Ne2+ 25. Bxe2 Qd2) 19... a4
20. Qa3 exd5 21. Ne5 Qd6 22. Nxd5 Bxd5 23. Rxd5 Nxd5 24. Rd1 {Weiß hat volle
Kompensation für die geopferte Qualität.}) (17... exd5 18. Nxd5 Bxd5 19. Bxd5
Nxd5 20. Qxd5 Qf6 21. b3 {sieht auch nicht besonders ansprechend für Schwarz
aus, denn sein Läufer ist tot. Nach dem Textzug erhält Weiß die etwas bessere
Stellung, so daß 17...Le7 vielleicht doch vorzuziehen ist.}) 18. Rcd1 {Der
Textzug ist das stärkste, aber} ({die Fortsetzung} 18. gxf4 exd5 19. Bb5 c4 (
19... d4 20. Nb1 Qf6 21. Ne5 Qxf4 22. Qg3 {bringt dem Schwarzen keinen Vorteil.
}) 20. Qd1 Nd3 21. Ne2 Nxc1 22. Qxc1 {scheint mir weniger klar zu sein, als
man auf den ersten Blick vermuten möchte.}) 18... b5 (18... Bd6 19. dxe6 Bxf3
20. exf7+ Kh8 21. Nb5 Bxd1 22. Rxd1 {ist nicht gut für Schwarz; der Bauer des
Weißen auf f7 ist zu unangenehm.}) 19. axb5 Bd6 20. Rd2 a4 21. Qd1 e5 22. Re1 (
{Spielbar ist auch} 22. Nxa4 e4 23. Nh4 {mit etwa leichtem Vorteil für Weiß.})
22... a3 $2 ({Besser ist} 22... Re8 23. Nxa4 e4 24. Nh4 Qg5 25. Ng2 f5 26. Nc3
$14 {Weiß steht etwas besser.}) 23. bxa3 Rxa3 24. Qc1 Qa8 25. Ng5 (25. Nxe5
Bxe5 26. Rxe5 Ra1 27. Nb1 {gibt dem Weißen ebenfalls deutlichen Vorteil.})
25... Rd8 $6 {Schwarz mußte dem Springer unbedingt den Zugang nach e4 wehren,
selbst unter Aufgabe des Feldes e6. Allerdings ist seine Aufgabe zum Beispiel
nach} (25... f5 26. Ne6 Rf7 27. b6 Ra5 28. Nb5 Qb8 29. f3 Ba6 30. Nxd6 Qxd6 31.
Bxa6 Nxa6 32. Qb2 Nb4 33. Qxe5 Qxb6 34. Kg2 {wenig beneidenswert.}) 26. Nce4
Ra5 ({Auf} 26... h6 {folgt} 27. Nxd6 Rxd6 28. Ne4 Rd8 29. Nxc5 Bxd5 30. Na6 {
, und Weiß gewinnt.}) 27. Qb1 h6 (27... g6 28. Nxd6 Rxd6 29. Ne4 {ist
ebenfalls hoffnungslos.}) 28. Nxd6 hxg5 29. Nxf7 $18 Kxf7 30. Qf5+ Kg8 31. d6+
Bd5 32. Bxd5+ Nxd5 33. Qe6+ Kh7 34. Rxd5 Rxb5 35. Rdxe5 Rf8 36. Rxg5 1-0

[Event "RUS-Cup01 Chigorin Memorial"]
[Site "St Petersburg"]
[Date "1997.11.04"]
[Round "4"]
[White "Rustemov, Alexander"]
[Black "Ibragimov, Ildar"]
[Result "1-0"]
[WhiteElo "2535"]
[BlackElo "2585"]
[Annotator "Huebner,R"]
[PlyCount "81"]
[EventDate "1997.11.01"]
[EventType "swiss"]
[EventRounds "9"]
[EventCountry "RUS"]
[SourceTitle "CBM 062"]
[Source "ChessBase"]
[SourceDate "1998.01.31"]
[SourceVersion "1"]
[SourceVersionDate "1998.01.31"]
[SourceQuality "1"]

1. d4 d5 2. Nf3 Nf6 3. c4 c6 4. Nc3 a6 5. Bg5 Ne4 6. Bf4 Nxc3 7. bxc3 dxc4 8.
e4 b5 9. Ne5 Nd7 {Dieses einfache Rückopfer scheint dem Schwarzen Ausgleich zu
gewähren.} (9... g6 10. Qf3 f6 11. Qg3 g5 (11... Be6 12. Nf3 Bg7 13. Be2 Qa5
14. Rc1 O-O 15. h4 Bf7 16. h5 g5 17. h6 Bh8 18. Nxg5 fxg5 19. Qxg5+ Bg6 20.
Bxc4+ Rf7 21. Bxf7+ Kxf7 22. Bxb8 Bxd4 23. Be5 Bb6 24. O-O Rd8 25. Bd4 Bxd4 26.
cxd4 Rxd4 27. Qe5 Rxe4 28. Qg7+ Ke8 29. Qg8+ {1-0 Zaid,L-Popov,N/URS-ch otbor
1975/MCD-ch}) 12. Be2 Bg7 13. Nxc4 bxc4 14. Bc7 Qd7 15. Bxb8 Qb7 16. Bh5+ Kd8
17. Bf4 Be6 18. Bc1 Qc7 19. Qf3 Rf8 20. Bg4 Qd7 21. Bxe6 Qxe6 22. O-O h5 23. d5
cxd5 24. exd5 Qd6 25. a4 g4 26. Qe2 Rc8 27. Ba3 Qe5 28. Qc2 Re8 29. Rfe1 Qf4
30. Qg6 Bf8 31. Qxh5 e5 32. Bc1 {1-0 Postniy,E-Sitnick,M/ISR-ch U16 1997/EXP 58
}) 10. Nxc6 Qb6 11. Ne5 (11. d5 Bb7 12. Bxc4 Rc8 13. Be3 Qc7 14. Bd3 Bxc6 15.
dxc6 Qxc6 16. Rc1 e5 $11) 11... Nxe5 12. Bxe5 Bb7 13. Qc2 f6 14. Bg3 Qe6 15. f3
f5 (15... g6 {gefolgt von Lf8-h6 sieht solider aus.}) 16. Be2 g6 (16... fxe4
17. O-O {ist zu riskant für Schwarz.}) 17. d5 (17. Be5 Rg8 18. O-O (18. a4 fxe4
19. fxe4 Bg7 20. Bxg7 Bxe4 {ist unklar.}) 18... fxe4 19. fxe4 Bg7 20. Bxg7 Rxg7
(20... Bxe4 21. Bxc4) 21. Bf3 {sieht mir vielversprechender aus.}) 17... Qf6
18. Bf2 Bg7 19. Bd4 Qh4+ 20. g3 Qh6 21. Bxg7 Qxg7 22. exf5 gxf5 23. O-O-O Rd8
24. f4 O-O 25. Bf3 e6 26. Rhe1 Bxd5 27. Bxd5 Rxd5 28. Rxd5 exd5 29. Re5 d4 (
29... Qd7 $5 {sieht besser aus.}) 30. cxd4 Qa7 31. Qc3 Rd8 32. Qe3 Qb6 33. Re6
Qc7 34. d5 Qd7 35. d6 Qc6 36. Qe1 Qc5 $2 (36... c3 {führt zu einer unklaren
Stellung.}) 37. Re8+ Rxe8 38. Qxe8+ Kg7 39. Qe7+ Kg8 (39... Kg6 40. Qe8+ Kg7
41. d7 $18 {Der König des Weißen entkommt den Schachs mühelos.}) 40. Qd8+ Kf7
41. Qc7+ 1-0